Sports Quiz

Random Sports or WWE Quiz

Ultimate Warrior's Opponents Post-1992 Quiz Stats

 Plays Quiz not verified by Sporcle

Score 0/17 Timer 06:00
0 Plays Today
Day Wrestler % Correct
October 25th 1998Hulk Hogan
97.5%
September 13th 1998Hulk Hogan
97.5%
October 12th 1998Hulk Hogan
97.5%
March 31st 1996Hunter Hearst Helmsley
95.5%
April 28th 1996Goldust
80.8%
May 27th 1996Goldust
80.8%
September 13th 1998Kevin Nash
78.8%
September 13th 1998Sting
68.7%
June 23rd 1996Jerry Lawler
62.6%
Day Wrestler % Correct
May 19th 1996Owen Hart
57.1%
May 26th 1996Owen Hart
57.1%
June 24th 1996Owen Hart
57.1%
September 13th 1998Lex Luger
52.5%
September 13th 1998Stevie Ray
48.5%
September 13th 1998Bret Hart
47.5%
October 12th 1998Bret Hart
47.5%
April 29th 1996Isaac Yankem,DDS
31.8%

You're not logged in!

Compare scores with friends on all Sporcle quizzes.
OR
Log In

Show Comments

Extras

Top Quizzes Today


Score Distribution

Your Account Isn't Verified!

In order to create a playlist on Sporcle, you need to verify the email address you used during registration. Go to your Sporcle Settings to finish the process.

Report this User

Report this user for behavior that violates our Community Guidelines.

Details: